Licitações & contratos : (Record no. 1370)

MARC details
000 -LÍDER
Campo Fixo de Controle 00930nam a2200253 a 4500
001 - NÚMERO DE CONTROLE
Campo de Controle 1370
003 - IDENTIFICAÇÃO DO NÚMERO DE CONTROLE
Campo de Controle BR-CuiBMT
005 - DATA E HORA DA ÚLTIMA ATUALIZAÇÃO
Campo de Controle 20231206004659.0
008 - DADOS FIXOS
Dados Fixos 230824s2003 dfb f000 0 por d
040 ## - AGÊNCIA CATALOGADORA
Código da Agência Catalogadora BR-CuiBMT
Agência que transcreveu o registro BR-CuiBMT
080 ## - Nº DA CLASSIFICAÇÃO DECIMAL UNIVERSAL
Nº Class. CDU 351.712.2.02
Nº edição CDU 2007
090 ## - NÚMERO DE CHAMADA
Nº classificação 351.712.2.02
Cutter B823l
Ano/Edição 2. ed.
110 1# - ENTRADA PRINCIPAL -- ENTIDADE
Nome da entidade ou lugar Brasil,
Unidade subordinada Tribunal de Contas da União.
245 10 - TÍTULO PRINCIPAL
Título principal Licitações & contratos :
Subtítulo orientações básicas /
Indicação de responsabilidade Tribunal de Contas da União.
246 32 - FORMAS VARIANTES DO TÍTULO
Título principal Licitações e contratos :
Subtítulo orientações básicas.
250 ## - EDIÇÃO
Edição 2. ed.
260 ## - PUBLICAÇÃO, DISTRIBUIÇÃO, ETC.
Local de publicação Brasília :
Editora TCU, Secretaria de Controle Interno,
Data 2003.
300 ## - DESCRIÇÃO FÍSICA
N. páginas ou volumes 282 p. ;
Dimensões 22 cm
610 14 - ASSUNTO -- ENTIDADE
Nome da Entidade ou lugar Brasil.
Título da publicação Lei n. 8.666, de 21 de junho de 1993
650 ## - ASSUNTO TÓPICO
Cabeçalho tópico ou nome geográfico Licitações e contratos
Subdivisão de forma Legislação
Subdivisão geográfica Brasil
650 ## - ASSUNTO TÓPICO
Cabeçalho tópico ou nome geográfico Contratação pública
Subdivisão geral Normas de controle
Subdivisão geográfica Brasil
650 ## - ASSUNTO TÓPICO
Cabeçalho tópico ou nome geográfico Contratação de obras e serviço
Subdivisão geral Licitação
Subdivisão cronológica Brasil
942 ## - ELEMENTOS DE ENTRADA ADICIONAIS (KOHA)
Fonte de classificação ou esquema de arquivamento Classificação Decimal Universal
Tipo de item do Koha Livros
Holdings
Estado: removido Estado: perdido Fonte de classificação ou esquema de arquivamento Estado: danificado Indisponível para empréstimo Localização permanente Localização atual Data de aquisição Total Checkouts Número de Chamada completo Código de barras Date last seen Número do exemplar Preço efetivo a partir de Tipo de item (Koha)
    Classificação Decimal Universal     Biblioteca da Escola Superior de Contas do TCE/MT Biblioteca da Escola Superior de Contas do TCE/MT 06/12/2023   351.712.2.02 B823l 2. ed. BIBTCEMT23120250 06/12/2023 Ex. 1 06/12/2023 Livros

Powered by Koha